The Collected Works Of Raman Maharshi (Record no. 1249481)

MARC details
000 -LEADER
fixed length control field 00545nam a2200193Ia 4500
008 - FIXED-LENGTH DATA ELEMENTS--GENERAL INFORMATION
fixed length control field 151121s9999||||xx |||||||||||||| ||und||
082 ## - DEWEY DECIMAL CLASSIFICATION NUMBER
Classification number 080/OSB
082 ## - DEWEY DECIMAL CLASSIFICATION NUMBER
Item number HNW-67987
100 ## - MAIN ENTRY--PERSONAL NAME
Personal name Osborne Arthur -Edi
245 #4 - TITLE STATEMENT
Title The Collected Works Of Raman Maharshi
260 ## - PUBLICATION, DISTRIBUTION, ETC. (IMPRINT)
Name of publisher, distributor, etc "Sri Ramanashramam, Tiruvannamalai"
260 ## - PUBLICATION, DISTRIBUTION, ETC. (IMPRINT)
Date of publication, distribution, etc --
300 ## - PHYSICAL DESCRIPTION
Extent 307
600 ## - SUBJECT ADDED ENTRY--PERSONAL NAME
Personal name Osborne Arthur -Edi
630 ## - SUBJECT ADDED ENTRY--UNIFORM TITLE
Uniform title The Collected Works Of Raman Maharshi
700 ## - ADDED ENTRY--PERSONAL NAME
Personal name Osborne Arthur -Edi
730 ## - ADDED ENTRY--UNIFORM TITLE
Uniform title The Collected Works Of Raman Maharshi
942 ## - ADDED ENTRY ELEMENTS (KOHA)
Koha item type Book
Holdings
Withdrawn status Lost status Damaged status Not for loan Home library Current library Date acquired Cost, normal purchase price Total Checkouts Full call number Barcode Date last seen Cost, replacement price Price effective from Koha item type
        Hirachand Nemchand Wachanalaya, Solapur Hirachand Nemchand Wachanalaya, Solapur 11/21/2015 6.00   HNW-67987 HNW-67987 11/21/2015 6.00 11/21/2015 Book